000 00618nam a2200229Ia 4500
003 OSt
005 20220928113257.0
006 a|||||r|||| 00| 0
007 ta
008 220927b |||||||| |||| 00| 0 eng d
024 _a34182
037 _cTextual
040 _aSDCL
_cSDCL
_beng
041 _2eng
_aeng
082 _aT:(R), M5
100 _aLangford Glenn
_9432190
245 0 _aEducation,persons and society
_b A philosophical enquiry.
260 _aLondon
_bMacmillan
_c1985
300 _avi,205p
_ccm.
942 _hT:(R), M5
_cTEXL
_2CC
999 _c748753
_d748753